Metalcore bands - Statistics

General Stats
  • This quiz has been taken 420 times
  • The average score is 6 of 16
Answer Stats
Song Band % Correct
Shadow Moses Bring Me The Horizon
82%
Unholy Confessions Avenged Sevenfold
70%
Doomsday Architects
68%
Vice Grip Parkway Drive
59%
My Own Grave As I Lay Dying
54%
My Last Serenade Killswitch Engage
51%
Dez Moines The Devil Wears Prada
31%
Mikasa Veil of Maya
30%
Choke Bury Tomorrow
29%
Middle Fingers Up Attila
28%
The Sinner Memphis May Fire
26%
The End of All We Know Bleed From Within
24%
Shadows Inside Miss May I
21%
No Knock All That Remains
19%
Machine Born of Osiris
18%
All Pride No Pain Upon a Burning Body
9%
No matching quizzes found
Score Distribution
Percent of People with Each Score
Percentile by Number Answered
Your Score History
You have not taken this quiz